Social Studies (Record no. 11072)

MARC details
000 -LEADER
fixed length control field 00290nam a22000977a 4500
008 - FIXED-LENGTH DATA ELEMENTS--GENERAL INFORMATION
fixed length control field 180824b ||||| |||| 00| 0 eng d
020 ## - INTERNATIONAL STANDARD BOOK NUMBER
International Standard Book Number 9788189932008
100 ## - MAIN ENTRY--PERSONAL NAME
Personal name Bishnoi, Promila
9 (RLIN) 6851
245 ## - TITLE STATEMENT
Title Social Studies
Remainder of title Based on the Latest Syllabus
260 ## - PUBLICATION, DISTRIBUTION, ETC. (IMPRINT)
Place of publication, distribution, etc. New Delhi
Name of publisher, distributor, etc. Prachi Publication
Date of publication, distribution, etc. 2018

No items available.

Powered by Koha